00896nam a2200217 a 4500001001000000003000900010005001700019008004100036040002500077049000900102082001900111111009400130245005800224264009000282300002400372700004100396710009700437942001300534952011400547999001700661000029173DO-SdBNP20250130135311.0110414s1992 dr 000 0 spa d aDO-SdBNPbspacBNPHU aBNPD axxxxaC7492222 aCongreso Nacional del Plan Decenal de Educaciónd(1992, dic. 4 :cSanto Domingo)95609310aDiscurso de clausura /cGustavo A. Tavares Espaillat. 1aSanto Domingo :bSecretaría de Estado de Educación, Bellas Artes y Cultos,c1992. aiv, 11 p. ;c21 cm.1 aTavares Espaillat, Gustavo A.9560941 aRepública Dominicana.bSecretaría de Estado de Educación, Bellas Artes y Cultos923965 2ddccLF2 0010718PDaPDbPDcCTd2011-04-14iLF1l0oxxxx C749 p29173-10r2020-06-25w2020-06-25yLFPDZNo se presta c28665d28665